000 01025cab a2200349 4500
001 ABS58912
008 090401t1998 xxu||||| |||| 00| 0 eng d
035 _a(Sirsi) u87101
041 _aeng
100 _aBrigden, D.
245 _aSize does matter
260 _c1998
350 _a0
490 _aSolicitors` Journal
_v142(23) 12 June 1998, 548(1)
520 _aDiscusses the effect that various lease terms can have on the valuation of department and variety stores at rent review.
650 _aALIENATION
650 _aDEPARTMENT STORES
650 _aKEEP OPEN CLAUSES
650 _aLENGTH OF TERM
650 _aLEWISHAM INVESTMENT PARTNERSHIP LTD V MORGAN
650 _aREBUILD
650 _aRENT REVIEWS
650 _aREPAIR
650 _aRETAIL PROPERTY
650 _aSHELL
650 _aST MARTINS PROPERTY INVESTMENTS LTD V CIB PROPERTIES LTD
650 _aUSER
650 _aVARIETY STORES
690 _aLANDLORD AND TENANT-BUSINESS TENANCIES
942 _n0
948 _c30/06/1998
999 _c54891
_d54891